000
00287nam a2200121Ia 4500
008
190216s9999||||xx |||||||||||||| ||und||
100
_a
Surya Narayana Iyer S And Santiagoa
245
2
_a
A Text Book Of Algebra
250
_a
SIXTH
260
_b
Null
_c
1968
300
_a
408
942
_c
BK
999
_c
30564
_d
30564